000 00436 a2200121 4500
001 ART_24049
005 20260410161933.0
008 260409a
245 1 0 _aExplorando un enfoque de regulaciones laborales y protección social para América latina
100 1 _aBeccaria, Luis A.
700 1 _aMaurizio, Roxana
773 0 _tRevista de Economía Política de Buenos Aires
_g- Año 4, Nº 7/8 (nov. 2010)
_wREV23982
999 _c28817
_d28817